01550nam a22003251a 450000100100000000500170001000800410002704100080006804300120007608200200008810000380010824500340014625000400018026000550022030000090027549000400028450001730032450000390049750502000053660000530073660000630078960000640085261000340091665000270095065000270097770000410100474000420104574000780108774000590116500005293720200120222743.0130212k19621980ck g 000 0 spa d0 aspa as-ck---04a924.61bC172211 aCaro, Miguel Antonio,d1843-1909.13aObras /cMiguel Antonio Caro. a1a. ed.bCarlos Valderrama Andrade. aBogotá :bInstituto Caro y Cuervo,c1962-c1980. a3 v.0 aClásicos colombianosv4 ;v6 ;v8 aVolúmenes 1, 2 y 3 ejemplares 1 de Biblioparque de Funza : Colección Proveniente de la Antigua Biblioteca Municipal, Centro Cultural Bacatá, Funza (Cundinamarca). aIncluye diversos tipos de indices.0 gv.1 :tFilosofía, religión, pedagogía. --gv.2 :tGramática de la lengua latina para el uso de los que hablan castellano. --gv.3 :tEstudios linguísticos, gramaticales y filológicos.14aCaro, Miguel Antonio,b1843-1909vBiografías .14aCaro, Miguel Antonio,b1843-1909xColecciones de escritos.14aCaro, Miguel Antonio,b1843-1909xPensamiento filosófico.24aIglesia CatólicazColombia.17aFilosofíazColombia.24aEducaciónzColombia.1 aValderrama Andrade, Carlos,eeditor.0 aFilosofía, religión, pedagogía.0 aGramática de la lengua latina para el uso de los que hablan castellano.0 aEstudios linguísticos, gramaticales y filológicos.